Agricultural land values (Record no. 67645)

MARC details
000 -LEADER
fixed length control field 00839cam a2200205 4500
001 - CONTROL NUMBER
control field WB3727-35
008 - FIXED-LENGTH DATA ELEMENTS--GENERAL INFORMATION
fixed length control field 000000n2001 000 0 eng u
035 ## - SYSTEM CONTROL NUMBER
System control number (Sirsi) u113553
245 ## - TITLE STATEMENT
Title Agricultural land values
260 ## - PUBLICATION, DISTRIBUTION, ETC.
Date of publication, distribution, etc. 2001
490 ## - SERIES STATEMENT
Series statement Financial Times
Volume/sequential designation 6 July 2001, 20(1)
520 ## - SUMMARY, ETC.
Summary, etc. Considers the future of, and prime drivers behind, agricultural land values. Current data indicates that farmland values have held up remarkably well, despite the effects of foot-and-mouth and mad cow disease, and the winter floods. Suggests that wealthy urbanites' desire for country farm retreats will ensure that the value of farmland contines to rise. Graph.
590 ## - LOCAL NOTE (RLIN)
Local note WB
650 ## - SUBJECT ADDED ENTRY--TOPICAL TERM
Topical term or geographic name entry element FARMLAND VALUES
650 ## - SUBJECT ADDED ENTRY--TOPICAL TERM
Topical term or geographic name entry element FPD SAVILLS
650 ## - SUBJECT ADDED ENTRY--TOPICAL TERM
Topical term or geographic name entry element FARM INCOMES
650 ## - SUBJECT ADDED ENTRY--TOPICAL TERM
Topical term or geographic name entry element FORECASTS
690 ## - LOCAL SUBJECT ADDED ENTRY--TOPICAL TERM (OCLC, RLIN)
Topical term or geographic name as entry element RURAL-MARKET
942 ## - ADDED ENTRY ELEMENTS (KOHA)
Suppress in OPAC 0
Holdings
Withdrawn status Lost status Source of classification or shelving scheme Damaged status Not for loan Home library Current library Shelving location Date acquired Total Checkouts Full call number Barcode Date last seen Copy number Price effective from Koha item type
    Dewey Decimal Classification     London London News article 09/07/2001   WB3727-35 113553-1001 06/08/2019 1 06/08/2019 News article